000 02060cam a22004694i 4500
003 PE-LiUPU
005 20250731173540.0
008 150623s2002 nyu r 000 0 eng d
020 _a0824512596
035 _a(Sirsi) i9780824512590
040 _aPE-LiUPU
_bspa
_cPE-LiUPU
_erda
049 _aPRUA
082 0 4 _a262.1
_bN852002
_221
100 1 _aNouwen, Henri J. M.,
_eautor.
245 1 0 _aIn the name of Jesus :
_bReflections on Christian leadership /
_cHenri J. M. Nouwen.
264 1 _aNew York :
_bThe Crossroad Publishing Company,
_c2002.
300 _a107 páginas ;
_c19 centímetros
336 _atext
_2rdacontent
337 _aunmediated
_2rdamedia
338 _avolume
_2rdacarrier
505 0 _aFrom relevance to prayer -- The temptation: To be relevant -- The question: "Do you love me"? -- The discipline: contemplative prayer -- From popularity to ministry: the temptation: to be spectacular -- The task: feed my sheep -- The discipline: confession and forgiveness.
526 _aSEG42
526 _aSEG41
526 _aSEG40
526 _aSEG39
526 _aP94
526 _aP87
526 _aP86
526 _aP85
526 _aP77
526 _aP76
526 _aP35
650 0 4 _aLiderazgo cristiano.
942 _2ddc
_cBOOK
949 _a262.1 N85 2002
_wDEWEY
_c1
_i50899
_d2016-8-12
_e2016-8-9
_lCCODEBUL1
_mBUL
_n1
_p9.99
_r0
_sY
_tBOOK
_u2015-6-24
_xTEOLOGIA
_PP35
_0COMPRA
_o.STAFF. Colección General
949 _a262.1 N85
_wDEWEY
_c1
_i42557
_lCCODEBUL1
_mBUL
_p9.99
_r0
_sY
_tBOOK
_u2015-6-16
_xTEOLOGIA
_zUNKNOWN
_0COMPRA
_o.STAFF. Colección General
994 _aC0
_bPEPRU
596 _a1
999 _a262.1 N85
_wDEWEY
_c60389
_i42557
_f2021-11-10
_g5
_lCCODEBUL1
_mBUL
_p9.99
_r0
_sY
_tBOOK
_u2015-6-16
_xTEOLOGIA
_zUNKNOWN
_0COMPRA
_o.STAFF. Colección General
_d60389
999 _a262.1 N85 2002
_wDEWEY
_c1
_i50899
_d2016-8-12
_e2016-8-9
_f2021-11-10
_g5
_lCCODEBUL1
_mBUL
_n1
_p9.99
_r0
_sY
_tBOOK
_u2015-6-24
_xTEOLOGIA
_PP35
_0COMPRA
_o.STAFF. Colección Teología
980 _81
_gALBERTO SANCHEZ Responsable de Automatización